| 000 | 00501cam a22001931 4500 | ||
|---|---|---|---|
| 001 | sa 68001488 | ||
| 003 | DLC | ||
| 005 | 20260227112434.0 | ||
| 008 | 970405s1967 io a 000 1 ind | ||
| 010 | _asa 68001488 | ||
| 035 | _a(OCoLC)36682969 | ||
| 040 |
_aDLC _cWU _dDLC |
||
| 042 | _apremarc | ||
| 050 | 0 | 0 |
_aPZ90.I5 _bD5 |
| 100 | 0 | _aDjavid. | |
| 245 | 1 | 0 |
_aBidji semangka emas; _bbatjaan anak² umur 9-12 tahun. |
| 260 |
_aDjakarta, _bBalai Pustaka, _c1967. |
||
| 300 |
_a92 p. _billus. _c20 cm. |
||
| 999 |
_c77991 _d77991 |
||